000 00447nam a22001697a 4500
003 macl
005 20151226155515.0
008 151226b xxu||||| |||| 00| 0 eng d
040 _cmacl
041 _aEnglish
082 _a934/SIN
100 _aSinha Dilip Kumar
_92119
245 _aTowards A Plurality Of Satyagrah Contextuality & Relevance
260 _aKolkata
_bFine Prints Publishers
_c2012
650 _aHistory
_922955
942 _2ddc
_cBK
999 _c51996
_d51996